000 00653nam a2200193 i 4500
001 85711
003 ES-MaACL
005 20230906175306.0
007 t|
008 041130s1971 sp ||||1| spa d
100 0 _aJuan
_bXIII
_cPapa, Santo.
_967136
245 1 3 _aEl evangelio del Papa Juan
_b: un profeta nos habla /
_ctextos seleccionados por J. Bermejo y R.M. Guzmán ; [versión de Luis Mª Múgica].
260 _a[Bilbao] :
_bDesclée de Brouwer,
_c[1971]
300 _a223 p. ;
_c19 cm.
700 1 _aBermejo, J.
_928086
700 1 _aGuzmán, R. M.
_961301
700 1 _aMúgica, Luis María.
_984060
852 _aES-MaACL
_jC-49597
_bR.77313
999 _c85711
_d85711